000 00349nam a2200133Ia 4500
005 20251222152040.0
008 251222s9999||||xx |||||||||||||| ||spa||
020 _a8439503482
082 _a635.965/P66/A/V.III/Ej.2
245 0 _aPlantas de Interior Terraza y Balcón
250 _a1ra.ed.
264 _bEditorial Planeta de Agostini
942 _cLIB
999 _c26024
_d26024